| 000 | 00861nam a22002297a 4500 | ||
|---|---|---|---|
| 999 |
_c63418 _d63418 |
||
| 005 | 20240530110640.0 | ||
| 008 | 171009s2016 ua g b 000 0 ara d | ||
| 017 |
_a2015/15207 _bمصر. دار الكتب |
||
| 020 | _a9789777532525 | ||
| 040 |
_aEG-CaGPL _cEG-CaGPL |
||
| 082 | 0 | 4 |
_221 _a304.82\ _bر هـ |
| 100 | 0 | _aرؤوف منصورى . | |
| 245 | 1 | 2 |
_aالهجرة السرية من منظور الامن الانسانى / _cرؤوف منصورى . |
| 250 | _aط.1 | ||
| 260 |
_aالاسكندرية : _bمكتبة الوفاء القانونية ، _c2016 . |
||
| 300 |
_a551 ص ؛ _c24 سم . |
||
| 504 | _aيشتمل على ارجاعات ببليوجرافية . | ||
| 650 | 0 | 7 |
_2qrmak _aالهجرة غير الشرعية |
| 650 | 0 | 7 |
_2qrmak _aالهجرة السرية |
| 942 |
_2ddc _cBK |
||